MESTSKÁ KNIŽNICA GIRALTOVCE  - online katalóg 

Ľudský hlas (Record no. 10241)

000 -NÁVESTIE
fixed length control field 00808nam a2200241 a 4500
008 - ÚDAJE S PEVNOU DĹŽKOU – VŠEOBECNÉ INFORMÁCIE
fixed length control field 951214s1987||||[C 0 slo c
020 ## - MEDZINÁRODNÉ ŠTANDARDNÉ ČÍSLO KNIHY (ISBN)
Údaje o dostupnosti 25 Kčs.
Qualifying information (5000 výtl.)
040 ## - ZDROJ KATALOGIZÁCIE
Pôvodná katalogizujúca agentúra SNK
Jazyk katalogizácie slo
Prepisujúca agentúra SNK
Konvencie popisu AACR2
041 1# - KÓD JAZYKA
Kód jazyka textu/zvukovej stopy alebo samostatných nápisov slo
Kód jazyka originálu a/alebo sprostredkujúcich prekladov textu rus
-- geo
044 ## - KÓD KRAJINY VYDAVATEĽA/PRODUCENTA
Kód krajiny MARC xo
Kód krajiny ISO SK
080 ## - ČÍSLO MEDZINÁRODNÉHO DESATINNÉHO TRIEDENIA (MDT)
Číslo Medzinárodného desatinného triedenia (MDT) 894.631-3(081)
100 1# - OSOBNÉ MENÁ – VŠEOBECNÉ INFORMÁCIE
Osobné meno Dumbadze, Nodar
Kód roly aut
245 10 - NÁZOV
Názov Ľudský hlas
Údaj o zodpovednosti atď. Nodar Dumbadze ; Ružena Dúbravová, Oľga Ruppeldtová, Ľudmila Karásková
250 ## - ÚDAJ O PORADÍ VYDANIA
Údaj o poradí vydania 1., vyd.
260 ## - VYDAVATEĽSKÉ ÚDAJE, DISTRIBÚCIA ATĎ.
Miesto publikovania, distribúcie atď. Bratislava
Názov vydavateľa, distibútora atď. Pravda,
Miesto publikovania, distribúcie atď. S.l.
Názov vydavateľa, distibútora atď. ,t. [vyd.]
Dátum publikovania, distribúcie atď. 1987
Miesto výroby Bratislava
Výrobca Pravda
300 ## - FYZICKÝ POPIS
Rozsah 245 s., 12,45 AH
Rozmery 21 cm
490 0# - EDÍCIA
Edícia Knižnica laureátov Leninovej ceny
500 ## - VŠEOBECNÁ POZNÁMKA
Formátovaná poznámka o obsahu Ilustr. na front. a predsádkach.
700 1# - PRIDANÝ VSTUP – OSOBNÉ MENO
Osobné meno Dúbravová, Ružena
Kód roly trl
700 1# - PRIDANÝ VSTUP – OSOBNÉ MENO
Osobné meno Ruppeldtová, Oľga
Kód roly trl
700 1# - PRIDANÝ VSTUP – OSOBNÉ MENO
Osobné meno Karásková, Ľudmila
Kód roly bkd
958 ## - Formálny deskriptor
Formálny deskriptor A
Holdings
Stav stiahnutia (Blokovanie) (Withrawn status) Stav straty Stav poškodenia (Damaged status) Nie pre výpožičky (Not for loan) Spôsob nadobudnutia (Collection code) Trvalé umiestnenie Aktuálne umiestnenie Dátum nadobudnutia Náklady, bežná kúpna cena Inventárne číslo (prírastkové číslo) Full call number Dátum posledného výskytu Cena s účinnosťou od Typ jednotky Koha
        Kúpa Mestská knižnica Giraltovce Mestská knižnica Giraltovce 2019-11-29 25.00 09634 B 3815 2019-11-29 2019-11-29 Krásna literatúra pre dospelých

Powered by Koha